Felelős társadalom, fenntartható gazdaság tanulmánykötet : nemzetközi tudományos konferencia a magyar tudomány ünnepe alkalmából : Sopron, 2013, november 13

Na minha lista:
Detalhes bibliográficos
Corporate Authors: Felelős társadalom, fenntartható gazdaság. Nemzetközi tudományos konferencia, University of West Hungary. Faculty of Economics, Sopron Scientists’ Society of the Hungarian Academy of Sciences
Outros Autores: Székely, Csaba
Formato: Livro
Idioma:húngaro
inglês
Publicado em: Sopron University of West Hungary Press 2014
Assuntos:
Tags: Adicionar Tag
Sem tags, seja o primeiro a adicionar uma tag!

MARC

LEADER 00000nlm a2200000 4500
001 0189016
005 20251028100011.7
020 |a 978-963-334-144-5 
041 0 |a hun 
041 0 |a eng 
044 |a HU 
245 1 0 |a Felelős társadalom, fenntartható gazdaság  |b tanulmánykötet : nemzetközi tudományos konferencia a magyar tudomány ünnepe alkalmából : Sopron, 2013, november 13  |c szerkesztő / editor: Csaba Székely 
264 1 |a Sopron  |b University of West Hungary Press  |c 2014 
300 |a CD-ROM [600 s.] 
610 2 0 |a zodpovednosť spoločenská 
610 2 0 |a vzdelávanie vysokoškolské 
610 2 0 |a politika regionálna 
610 2 0 |a Európska únia 
610 2 0 |a stratégia podnikateľská 
610 2 0 |a zmeny klimatické 
610 2 0 |a ruch cestovný 
610 2 0 |a konkurencieschopnosť 
610 2 0 |a inovácia 
610 2 0 |a dane 
610 2 0 |a účtovníctvo 
610 2 0 |a rozvoj trvalo udržateľný 
700 1 |a Székely, Csaba 
110 2 |a Felelős társadalom, fenntartható gazdaság. Nemzetközi tudományos konferencia 
710 2 |a University of West Hungary. Faculty of Economics 
710 2 |a Sopron Scientists’ Society of the Hungarian Academy of Sciences